00917namaa22002171 4500001000700000003000900007005001700016008004100033080002800074100004800102245009600150260008500246300003800331490004500369700003400414710005200448830003600500852002200536999001900558952012200577174092ES-MaACL20250829120107.0100215s1948 cu |||| | spa d a821.134.2(729.1)-14"18"1 aCéspedes de Escanaverino, Ursula.914216410aPoesías / cUrsula Céspedes de Escanaverino ; selección y prólogo de Juan J. Remos. aLa Habana : bMinisterio de Educación Nacional, Dirección de Cultura,c1948. a135 p., 1 retr. autora ; c19 cm.1 aCuadernos de cultura. Octava serie ; v20 aRemos y Rubio, Juan J.9961501 aCuba. bDirección General de Cultura.91469580 aCuadernos de culturav29181245 aES-MaACLjC-57156 c174092d174092 00104070aATENEOMbATENEOMcDEPO2d2010-02-15eSCl0oC-57156p1182743r2023-02-23 00:00:00w2023-02-23yMONOGRAFIA